Shame /

Đã lưu trong:
Chi tiết về thư mục
Tác giả chính: Escott, Harry (Nhà soạn nhạc)
Tác giả khác: Sherman, Emile (Nhà sản xuất), Canning, Iain (Nhà sản xuất), Beharie, Nicole (Diễn viên), Fassbender, Michael (Diễn viên), Mulligan, Carey (Diễn viên), Morgan, Abi (Người viết kịch bản), Dale, James Badge (Diễn viên), McQueen, Steve, (1969- ) (Giám đốc, Người viết kịch bản), Bobbitt, Sean (Nhiếp ảnh gia)
Định dạng: Slide
Ngôn ngữ:Tiếng Italy
Tiếng Anh
Được phát hành: Italia : Rai Cinema : Bim Distribuzione, c2012, [2011]
Các nhãn: Thêm thẻ
Không có thẻ, Là người đầu tiên thẻ bản ghi này!

MARC

LEADER 00000ngm a22000007i 4500
001 IT\ICCU\UBO\3955048
003 ItRI
005 20260124182804.0
008 120730q20112012it |||||||||||||||k|||||c
024 3 1 |a 8032807040837 
028 4 2 |a 04082 
028 4 2 |a 04083  |b 01 Distribution 
040 |b ita 
041 7 |a ita  |a eng  |2 ISO-639-2 
082 |a 791.43  |9 CINEMA  |2 19 
130 0 |a Shame <film ; 2011>  |3 IT\ICCU\TSA\1363424 
245 0 0 |a Shame /  |c un film di Steve McQueen ; sceneggiatura di Steve McQueen, Abi Morgan ; direttore della fotografia: Sean Bobbitt ; compositore: Harry Escott ; prodotto da Iain Canning, Emile Sherman ; cast: Michael Fassbender, Carey Mulligan, James Badge Dale ... [et al.]. 
260 |a Italia :  |b Rai Cinema :  |b Bim Distribuzione, c2012,  |c [2011] 
300 |a 1 DVD video (101 min.) :  |b color., sonoro 
500 |a Produzione: Gran Bretagna, 2011 
500 |a Titolo del contenitore 
500 |a Caratteristiche tecniche: regione assente, formato video: 16/9 2.35:1, Audio: DD italiano 5.1, DD inglese 5.1 con sottotitoli in italiano, Tipo DVD: dvd9 
500 |a Contenuti speciali: Intervista a Michael Fassbender, intervista al regista Steve McQueen a cura di Coming Soon, trailer cinematografico 
500 |a Vietato ai minori di 14 anni 
500 |a Etichetta: 01 Distribution 
700 1 |a Sherman, Emile  |0 IT\ICCU\DDSV\291870  |4 pro 
700 1 |a Canning, Iain  |0 IT\ICCU\DDSV\291871  |4 pro 
700 1 |a Beharie, Nicole  |0 IT\ICCU\DDSV\334313  |4 act 
700 1 |a Fassbender, Michael  |0 IT\ICCU\LO1V\342416  |4 act 
700 1 |a Mulligan, Carey  |0 IT\ICCU\LO1V\373237  |4 act 
700 1 |a Morgan, Abi  |0 IT\ICCU\MILV\247007  |4 sce 
700 1 |a Escott, Harry  |0 IT\ICCU\RAVV\506694  |4 cmp 
700 1 |a Dale, James Badge  |0 IT\ICCU\RAVV\668883  |4 act 
700 1 |a McQueen, Steve,  |d  (1969- )  |0 IT\ICCU\TO0V\395468  |4 drt 
700 1 |a McQueen, Steve,  |d  (1969- )  |0 IT\ICCU\TO0V\395468  |4 sce 
700 1 |a Bobbitt, Sean  |0 IT\ICCU\UBOV\275068  |4 pht 
710 2 |a Rai Cinema  |0 IT\ICCU\UBOV\404761  |4 pbl 
942 |2 ddc  |c VM  |n 0 
952 |0 0  |1 0  |4 0  |6 VO_2005_000000000000000  |7 0  |9 26260  |a BO  |b BO  |d 2026-01-24  |i 16787  |l 0  |o VO 2005  |p BO16787  |r 2026-01-24 18:28:04  |w 2026-01-24  |x [Sebina 5] [1 dvd]  |y VM  |z 1 dvd 
999 |c 22185  |d 22185